000 00479nam a2200181Ia 4500
008 230524s9999 xx 000 0 und d
020 _a8123909276
082 _bCLA
100 _aAlbert E Clayton
_942574
245 4 _aThe Performance and Design of Direct Current Machines
250 _a3
260 _aNew Delhi
_bCBS Publication
_c2004
300 _a"XII,507p;"
500 _aQuantity Number: 1
650 _aElectrical
700 _a N N Hancock
_942575
942 _cBK
999 _c57534
_d57534